| 000 | 00874nam a22002177a 4500 | ||
|---|---|---|---|
| 999 |
_c21710 _d21710 |
||
| 003 | AR-CdUCM | ||
| 008 | 190425b ||||| |||| 00| 0 spa d | ||
| 040 |
_aMUNICIPALIDAD PROVINCIAL DEL CUSCO _cBIBLIOTECA MUNICIPAL DEL CUSCO |
||
| 082 |
_aRev.Univ/N°46/1925 _bRev.Univ/N°46/1925 _21° trimestre 1925 |
||
| 110 |
_aUniversidad Nacional de San Antonio Abad del Cusco _915942 |
||
| 245 |
_aRevista Universitaria : _bÓrgano de la Universidad del Cuzco / |
||
| 260 |
_aCusco : _bH. G. Rozas, _c1925. |
||
| 300 |
_a24 páginas. : _c20 cm. |
||
| 440 |
_aRevista Universitaria _nAño IX, 1° trimestre 1925, N°46 _945827 |
||
| 505 | _aContenido: Ante el fallo arbitral de los EE.UU. | ||
| 650 |
_aGuerra del Pacifico _945828 |
||
| 650 |
_aGuerra Perú Chile _915728 |
||
| 710 |
_aUniversidad Nacional de San Antonio Abad del Cusco _915942 |
||
| 942 |
_2ddc _cPP |
||
| 945 | _arac | ||